000 00923nas a2200337 4500
001 BR2020000697
003 BR-BrBNA
005 20231205132055.0
007 ta
008 230509b bl.|||p| |||| 00| 00por d
040 _aBR-BrBNA
_bpor
_cBiblioteca Nacional de Agricultura
041 _a(Pt)
072 _aE10
100 1 _aNeves, M.F.
100 1 _aJank, M.S.
100 1 _aLopes, F.F.
100 1 _aTrombin, V.G.
245 1 _aAções para aumentar a competitividade da cadeia da laranja no Brasil
650 _aECONOMIA
650 _aADMINISTRAÇÃO
650 _aCITRICULTURA
650 _aPRODUÇÃO
650 _aCOMERCIALIZAÇÃO
650 _aPESQUISA
650 _aINOVAÇÃO
650 _aSUCO
650 _aFRUTA CÍTRICA
773 0 _tLaranja (Brazil)
_xISSN 0102-1907
_g(2006), v.27(2) p. 213-229
_wBR2020000697
909 _a202311
_bLúcia
_c55
_dLúcia Elande
942 _2AGRIS
_n0
_cANA
999 _c258314
_d258314